000 00304nam a2200145Ia 4500
100 _aArerkar/ Rajendra
942 _cBK
654 _acomputer science
245 _aTheory of Computer Science
260 _bMahalaxmi
_c2001
082 _a4
_bAKE
300 _a517
546 _aENGLISH
999 _c31047
_d31047